MDQL
is popping MORE tags! Check the
thread
!
Quizzes
Events
Quiz Creation
Community
Videos
Private Events
Remove Ads
Sign In
Join for FREE
Feedback
Dark Mode
Quiz Categories
Sports
Geography
Music
Movies
Television
Just For Fun
Miscellaneous
History
Literature
Language
Science
Gaming
Entertainment
Religion
Holiday
For Kids
Quiz Lab
Recent
Popular Today
Quiz Kudos Today
Editor Picks
Curator Picks
Quizzes by...
Day
Popularity
Type
Ratings
Length
Year
Community
Subscriptions
Recent Discussions
Orange Saloon
Badges
Playlists
Quests
Create
Leaderboards
Showdown
Live 5
Trivia Bingo
Activity
Puzzle Library
Sporcle Events
Private Events
Virtual Trivia
Globe League
Become a Host
Pub Owners
SporcleCon
Opinionation
Our Games
Videos
Blog
Mobile Apps
Partnerships
Remove Ads and Go Orange
Feedback
Sports
Athletes
MLB
NBA
NHL
NFL
Soccer
Sports Teams
WWE
NCAA
Football
Premier League
Basketball
Baseball
Hockey
Golf
Tennis
Cricket
Rugby
Auto Racing
Olympics
World Cup
Sports
Athletes
MLB
NBA
NHL
NFL
Soccer
Sports Teams
WWE
NCAA
Football
Premier League
Basketball
Baseball
Hockey
Golf
Tennis
Cricket
Rugby
Auto Racing
Olympics
World Cup
Random Quiz
Search Sporcle
×
Quiz Lab
Quiz Lab
Sports
hit
Type in answers that appear in a list
Type in answers that appear in a list
Classic
Best Score? Go Orange.
200 hits Since 2000 Stats
Can you name the players who have gotten 200 hits in a season since 2000?
By
MeasuredMayhem
10m
58 Questions
265 Plays
265 Plays
265 Plays
Comments
Comments
Give Quiz Kudos
Give Quiz Kudos
-
- Ratings
hide this ad
More Info
Replay
Link that replays current quiz
Next Quiz
Link to next quiz in quiz playlist
You Got
0%
They Got
Avg Score
57%
Avg Friend Score
Upgrade to see
Score Distribution
Jump to the score distribution portion of the page
Score
0/58
Timer
10:00
0
Plays Today
Year
Player
% Correct
2006
Ichiro Suzuki
97.4%
2009
Ichiro Suzuki
97%
2008
Ichiro Suzuki
97%
2007
Ichiro Suzuki
97%
2005
Ichiro Suzuki
97%
2004
Ichiro Suzuki
97%
2003
Ichiro Suzuki
97%
2002
Ichiro Suzuki
97%
2001
Ichiro Suzuki
96.6%
2009
Derek Jeter
88.3%
2007
Derek Jeter
88.3%
2005
Derek Jeter
88.3%
2006
Derek Jeter
87.9%
2000
Derek Jeter
87.9%
2001
Alex Rodriguez
75.8%
2003
Albert Pujols
74.7%
2007
Hanley Ramirez
71.7%
2007
Jimmy Rollins
66%
2006
Michael Young
64.5%
2005
Michael Young
64.5%
2004
Michael Young
64.2%
2009
Robinson Cano
63.4%
2008
Dustin Pedroia
60.8%
2006
Vladimir Guerrero
59.6%
2004
Vladimir Guerrero
58.9%
2008
Jose Reyes
58.1%
2003
Todd Helton
57.4%
2000
Todd Helton
57%
2006
Chase Utley
56.6%
Year
Player
% Correct
2002
Vladimir Guerrero
54.3%
2004
Juan Pierre
54%
2006
Juan Pierre
53.6%
2001
Juan Pierre
53.6%
2003
Juan Pierre
53.2%
2002
Alfonso Soriano
51.3%
2006
Miguel Tejada
47.5%
2007
Matt Holliday
47.2%
2004
Miguel Tejada
47.2%
2002
Miguel Tejada
47.2%
2000
Johnny Damon
43.8%
2007
Magglio Ordonez
41.5%
2009
Ryan Braun
40.8%
2003
Garret Anderson
37.7%
2002
Bernie Williams
37.7%
2003
Vernon Wells
36.2%
2003
Michael Young
32.1%
2004
Adrian Beltre
31.7%
2007
Michael Young
31.7%
2000
Darin Erstad
29.4%
2001
Bret Boone
26.8%
2006
Freddy Sanchez
26%
2007
Placido Polanco
24.5%
2004
Jack Wilson
22.3%
2000
Mike Sweeney
18.5%
2001
Shannon Stewart
16.2%
2000
Jose Vidro
14.7%
2001
Rich Aurilia
13.6%
2004
Mark Loretta
13.2%
Quiz Playlist
Details
Report
Send in Message
Add To Playlist
More Info:
Can you name the players who have gotten 200 hits since 2000?
Classic:
Type in answers that appear in a list
Last Updated: Feb 16, 2017
Quiz Scoreboard
CHALLENGE
Sign Up to Join the Scoreboard
Show All
Scores
Hide
Comments
May contain spoilers
Recently Published
Find the 'City' Movie
by crazypaving
Movies
60s
5x2 Blitz: Bands
by SL_Kpop136
Music
30s
Colored Red Africa Blitz
by spor1
Geography
30s
More to Explore
Quiz From the Vault
Featured Blog Post
14 Easter Pick-up Lines to Find Eggs With
hide this ad
You Might Also Like...
Tags
200
2000
hit
Player
season
Today's Top Quizzes in Sports
Browse Sports
hide this ad
Today's Top Quizzes in hit
Browse hit
Top Contributed Quizzes in Sports
1
Players with Multiple 50 Home Run Seasons
2
Criteria MLB: Left Handed Sluggers
3
MLB Players with Two .350 Batting Average Seasons
4
Who Hit More Homers?
5
Premier League Clubs since 2000 (minefield)
6
Who Needs Fielders?
7
2020 F1 Drivers Logic Puzzle
8
Les entraîneurs de l'OM et du PSG au 21e siècle
9
Top 10 NHL Goal Scorers of All Time
10
MLB Hall of Famer by Rings
Explore More
Trending Topics
Disney
NBA
Kpop
Crossword
Anime
Marvel
Harry Potter
Soccer
The Office
Song
Puzzle
NFL
WWE
Country
Pokémon
hide this ad
More By:
MeasuredMayhem
Quiz
Plays
Rating
Category
Featured
Created
10+ strikeouts/9inn season (MLB)
6,584
4.17
Sports
Jan 14, 2010
Every Lost Character (There's a lot!)
5,485
4.23
Television
Jan 14, 2010
.600 SLG% since 2000
3,558
4.23
Sports
Jul 29, 2010
.600 SLG% in the 90's
2,222
4.29
Sports
Aug 3, 2010
.600 SLG% 1950-1989
1,524
4.19
Sports
Aug 6, 2010
Go to Creator's Profile
Score Distribution
Quiz Creator Spotlight
MeasuredMayhem
Follow
Send a Message
Quizzes Created
-
Created Quiz Play Count
-
More By This Creator
Popular Quizzes Today
1
Find the 'City' Movie
2
Colored Red Africa Blitz
3
5x2 Blitz: Bands
4
Find the US States - No Outlines Minefield
5
The Countries of the World
6
Find the US States
7
US States
8
9x9 Crossword: Cartoon Network
More Sports Quizzes
Pixelated NHL Logos
Published
Trending Quizzes
Colored Red Europe Blitz I
Colored Red Africa Blitz II
Colored Red Europe Blitz II
Colored Red Europe Blitz III
Colored Red Africa Blitz III
Recently Updated
Famous TV Couples
Peacemaker
Champions League XIs: Real Madrid
pecheneg
Largest US Cities 1790-2010
pecheneg
Rides in Walt Disney World
pecheneg
Most Oscar Losses (Acting)
pecheneg
Beyoncé Albums
pecheneg
Leaping Animals
pecheneg
Reality TV Shows (A-Z)
bhenderson79
Rickey Henderson's Hall of Fame Teammates
pecheneg
Champions League XIs: Arsenal
pecheneg
Trending Topics
Harry Potter
NBA
Kpop
Disney
Marvel
Crossword
Anime
Song
Soccer
Puzzle
WWE
The Office
Pokémon
NFL
Country
Your Account Isn't Verified!
In order to create a playlist on Sporcle, you need to verify the email address you used during registration. Go to your
Sporcle Settings
to finish the process.
Report this User
Report this user for behavior that violates our
Community Guidelines
.
Details:
Send Report
Go to the Sporcle.com Mobile Site →
Comments